[Event "Mittelfranken-chTB1 0910"]
[Site "Mittelfranken"]
[Date "2009.10.11"]
[Round "1.6"]
[White "Hartinger, Martin"]
[Black "Kirbach, Thomas"]
[Result "1/2-1/2"]
[WhiteElo "1862"]
[BlackElo "1929"]
[PlyCount "102"]
[EventDate "2009.10.11"]
[EventType "team-tourn"]
[EventRounds "9"]
[EventCountry "GER"]
[SourceTitle "EXT 2011"]
[Source "ChessBase"]
[SourceDate "2010.11.26"]
[SourceVersion "1"]
[SourceVersionDate "2010.11.26"]
[SourceQuality "1"]
[WhiteTeam "Muehlhof/Mfr"]
[BlackTeam "Fuerth SF"]
[WhiteTeamCountry "GER"]
[BlackTeamCountry "GER"]

1. d4 Nf6 2. c4 g6 3. Nc3 Bg7 4. e4 0-0 5. e5 Ne8 6. f4 d6 7. Nf3 c5 8. dxc5 Qa5 9. Bd2 Qxc5 10. Nd5 Kh8 11. Bb4 Qc6 12. Nxe7 Qe4+ 13. Qe2 Qxe2+ 14. Bxe2 Nc6 15. Nxc6 bxc6 16. exd6 Bxb2 17. Rb1 Bg7 18. d7 Bxd7 19. Bxf8 Bxf8 20. Ne5 Bf5 21. Rb7 Nd6 22. Nxf7+ Nxf7 23. Rxf7 Re8 24. Kd1 Rd8+ 25. Ke1 Re8 26. Rxf8+ Rxf8 27. Bf3 Rb8 28. Kf2 Rb2+ 29. Ke3 c5 30. Ra1 a5 31. h3 h5 32. g4 hxg4 33. hxg4 Bb1 34. Be4 Bxa2 35. Bxg6 Bxc4 36. Rxa5 Rb3+ 37. Kf2 Rb2+ 38. Kg3 Rb3+ 39. Kh4 Bb5 40. Ra7 c4 41. f5 Bc6 42. f6 Bb7 43. Bf7 Rb6 44. Bxc4 Rxf6 45. Rxb7 Rh6+ 46. Kg5 Rg6+ 47. Kf5 Rg5+ 48. Ke6 Rg6+ 49. Kd5 Rg5+ 50. Kd6 Rxg4 51. Bf7 Rf4 1/2-1/2

[Event "Mittelfrankenliga-B2b 0708"]
[Site "Mittelfranken"]
[Date "2008.01.27"]
[Round "5.4"]
[White "Hartinger, Martin"]
[Black "Riexinger, Martin"]
[Result "0-1"]
[WhiteElo "1847"]
[BlackElo "1734"]
[PlyCount "52"]
[EventDate "2007.10.14"]
[EventType "team-tourn"]
[EventRounds "9"]
[EventCountry "GER"]
[SourceTitle "EXT 2011"]
[Source "ChessBase"]
[SourceDate "2010.11.26"]
[SourceVersion "1"]
[SourceVersionDate "2010.11.26"]
[SourceQuality "1"]
[WhiteTeam "Muehlhof"]
[BlackTeam "Postbauer II"]
[WhiteTeamCountry "GER"]
[BlackTeamCountry "GER"]

1. d4 Nf6 2. e3 g6 3. Bd3 Bg7 4. Ne2 d6 5. Ng3 c6 6. Nc3 Qc7 7. Nce2 Nbd7 8. c3 e5 9. f4 Nb6 10. dxe5 dxe5 11. f5 Bd7 12. Qc2 0-0-0 13. e4 Qd6 14. Bg5 Bxf5 15. 0-0-0 Be6 16. Bc4 Qe7 17. Bb3 h6 18. Be3 Ng4 19. Bg1 Rxd1+ 20. Kxd1 Rd8+ 21. Kc1 h5 22. Nf1 Qf6 23. Bxe6+ Qxe6 24. h3 Qxa2 25. Ne3 Nxe3 26. Bxe3 Nc4 0-1

[Event "Mittelfrankenliga-B2b 0708"]
[Site "Mittelfranken"]
[Date "2007.11.25"]
[Round "3.4"]
[White "Hartinger, Martin"]
[Black "Margraf, Matthias"]
[Result "0-1"]
[WhiteElo "1847"]
[BlackElo "1892"]
[PlyCount "72"]
[EventDate "2007.10.14"]
[EventType "team-tourn"]
[EventRounds "9"]
[EventCountry "GER"]
[SourceTitle "EXT 2011"]
[Source "ChessBase"]
[SourceDate "2010.11.26"]
[SourceVersion "1"]
[SourceVersionDate "2010.11.26"]
[SourceQuality "1"]
[WhiteTeam "Muehlhof"]
[BlackTeam "Buechenbach/Roth II"]
[WhiteTeamCountry "GER"]
[BlackTeamCountry "GER"]

1. e4 e6 2. c3 d5 3. e5 c5 4. d4 Nc6 5. a3 f6 6. exf6 Nxf6 7. Nf3 cxd4 8. Nxd4 Bd6 9. f4 0-0 10. Nxc6 bxc6 11. Be3 e5 12. fxe5 Bxe5 13. Bd3 Ng4 14. Bc5 Qh4+ 15. g3 Bxg3+ 16. Kd2 Qg5+ 17. Kc2 Bf2 18. h3 Ne5 19. Bxf8 Nxd3 20. Kb3 Rb8+ 21. Bb4 Ba6 22. Nd2 c5 23. Ka2 cxb4 24. axb4 d4 25. Qb3+ Kh8 26. Ne4 Qg2 27. Nd6 Ne5 28. Qe6 Qg3 29. b5 dxc3 30. Ne4 Bxb5 31. Qd6 Bc4+ 32. Ka3 Nd3 33. Nxg3 Rb3+ 34. Ka4 Nxb2+ 35. Ka5 Rb5+ 36. Ka6 Rb6+ 0-1

[Event "Mittelfrankenliga-B2b 0607"]
[Site "Mittelfranken"]
[Date "2007.03.11"]
[Round "7.3"]
[White "Hartinger, Martin"]
[Black "Zeltner, Ottmar"]
[Result "1/2-1/2"]
[WhiteElo "1882"]
[BlackElo "1937"]
[PlyCount "101"]
[EventDate "2006.10.22"]
[EventType "team-tourn"]
[EventRounds "9"]
[EventCountry "GER"]
[SourceTitle "EXT 2011"]
[Source "ChessBase"]
[SourceDate "2010.11.26"]
[SourceVersion "1"]
[SourceVersionDate "2010.11.26"]
[SourceQuality "1"]
[WhiteTeam "Muehlhof"]
[BlackTeam "Rothenburg"]
[WhiteTeamCountry "GER"]
[BlackTeamCountry "GER"]

1. e4 e5 2. Bc4 Nf6 3. d3 Bc5 4. Bg5 h6 5. Bh4 d6 6. h3 Be6 7. Bb3 Nc6 8. Ne2 g5 9. Bg3 Qd7 10. Qd2 0-0-0 11. Nbc3 a6 12. 0-0-0 Bxb3 13. axb3 Nh5 14. f3 Nf4 15. Nxf4 gxf4 16. Bf2 Nd4 17. Ne2 Nxb3+ 18. cxb3 Bxf2 19. Nxf4 Bh4 20. Nd5 Bg5 21. f4 Bh4 22. Qc3 Qc6 23. fxe5 Qxc3+ 24. bxc3 dxe5 25. Rhf1 c6 26. Nb6+ Kc7 27. Nc4 f6 28. Rf3 Rdg8 29. g4 h5 30. Ne3 Bg5 31. gxh5 Rxh5 32. Kd2 Kd6 33. Ke2 Bf4 34. Ng4 Ke6 35. d4 Rgh8 36. Rdd3 f5 37. dxe5 fxg4 38. Rxf4 gxh3 39. Rf1 h2 40. Rh1 R8h7 41. Kd2 Kxe5 42. Re3 a5 43. Re2 a4 44. Kc2 Rh3 45. Kb2 c5 46. Kc2 R7h5 47. Kb2 axb3 48. c4 Rh7 49. Ka3 Kf4 50. e5 R3h6 51. Kb2 1/2-1/2

[Event "Mittelfrankenliga-B2b 0607"]
[Site "Mittelfranken"]
[Date "2007.01.14"]
[Round "4.3"]
[White "Strnad, Alfred"]
[Black "Hartinger, Martin"]
[Result "0-1"]
[WhiteElo "1911"]
[BlackElo "1882"]
[PlyCount "72"]
[EventDate "2006.10.22"]
[EventType "team-tourn"]
[EventRounds "9"]
[EventCountry "GER"]
[SourceTitle "EXT 2011"]
[Source "ChessBase"]
[SourceDate "2010.11.26"]
[SourceVersion "1"]
[SourceVersionDate "2010.11.26"]
[SourceQuality "1"]
[WhiteTeam "Heideck/Hilpoltstein"]
[BlackTeam "Muehlhof"]
[WhiteTeamCountry "GER"]
[BlackTeamCountry "GER"]

1. e4 d5 2. exd5 Qxd5 3. Nc3 Qa5 4. d4 Nf6 5. Nf3 Bg4 6. Bd2 c6 7. Bc4 Qc7 8. h3 Bxf3 9. Qxf3 e6 10. 0-0-0 Nbd7 11. Rhe1 0-0-0 12. g4 Nb6 13. Bf4 Bd6 14. Bxd6 Rxd6 15. Bb3 Rhd8 16. g5 Nfd5 17. Ne4 R6d7 18. Nc5 Re7 19. Nd3 Nd7 20. Kb1 Rde8 21. Rc1 e5 22. Bxd5 cxd5 23. Qxd5 e4 24. Nc5 Nxc5 25. Re3 Na4 26. Ra3 Nb6 27. Qb5 Kb8 28. Qa5 a6 29. Rb3 Nc4 30. Qb4 a5 31. Qc3 Rc8 32. Rb5 Qf4 33. Rd1 e3 34. Rc5 Rxc5 35. dxc5 e2 36. Rd8+ Kc7 0-1

[Event "Mittelfrankenliga-B2b 0607"]
[Site "Mittelfranken"]
[Date "2006.12.03"]
[Round "3.3"]
[White "Hartinger, Martin"]
[Black "Diebel, Guenther"]
[Result "1/2-1/2"]
[WhiteElo "1882"]
[BlackElo "1701"]
[PlyCount "107"]
[EventDate "2006.10.22"]
[EventType "team-tourn"]
[EventRounds "9"]
[EventCountry "GER"]
[SourceTitle "EXT 2011"]
[Source "ChessBase"]
[SourceDate "2010.11.26"]
[SourceVersion "1"]
[SourceVersionDate "2010.11.26"]
[SourceQuality "1"]
[WhiteTeam "Muehlhof"]
[BlackTeam "Buechenbach/Roth II"]
[WhiteTeamCountry "GER"]
[BlackTeamCountry "GER"]

1. d4 Nf6 2. e3 d5 3. c4 Nc6 4. Nc3 e6 5. Nf3 Bb4 6. a3 Bxc3+ 7. bxc3 Ne4 8. Qc2 0-0 9. Be2 b6 10. 0-0 Bb7 11. Nd2 Nxd2 12. Bxd2 Na5 13. cxd5 Qxd5 14. Bf3 Qc4 15. Bxb7 Nxb7 16. e4 c5 17. Be3 cxd4 18. Bxd4 Rac8 19. Qa2 f6 20. Qxc4 Rxc4 21. e5 f5 22. Rfb1 Rfc8 23. Rb4 Na5 24. Kf1 R4c7 25. Ke2 Nc6 26. Rb2 Nxd4+ 27. cxd4 Rc2+ 28. Rxc2 Rxc2+ 29. Ke3 g5 30. g3 Kg7 31. Rd1 Kf7 32. Rd3 h5 33. h3 b5 34. Rb3 a6 35. a4 bxa4 36. Rb7+ Ke8 37. Rb6 Kd7 38. Rxa6 Rc3+ 39. Kd2 Ra3 40. d5 exd5 41. Rd6+ Ke7 42. Rxd5 Ke6 43. Ra5 Ra2+ 44. Ke3 Ra1 45. f4 Re1+ 46. Kf2 Re4 47. Kf3 g4+ 48. hxg4 hxg4+ 49. Kf2 Rc4 50. Kg2 Rc2+ 51. Kf1 Rc3 52. Rxa4 Rxg3 53. Rd4 Rf3+ 54. Kg2 1/2-1/2

[Event "Mittelfranken-chT 0405"]
[Site "Germany"]
[Date "2005.02.28"]
[Round "6.4"]
[White "Hartinger, Martin"]
[Black "Plan, Johann"]
[Result "1-0"]
[WhiteElo "1870"]
[BlackElo "1947"]
[PlyCount "109"]
[EventDate "2004.10.17"]
[EventType "team"]
[EventRounds "9"]
[EventCountry "GER"]
[SourceTitle "EXT 2007"]
[Source "ChessBase"]
[SourceDate "2006.11.23"]
[SourceVersion "1"]
[SourceVersionDate "2006.11.23"]
[SourceQuality "1"]

1. d4 Nf6 2. e3 d5 3. Bd3 c5 4. c3 Nbd7 5. Nf3 Qc7 6. Nbd2 e6 7. 0-0 Bd6 8. h3 b6 9. e4 dxe4 10. Nxe4 Be7 11. Re1 Bb7 12. Qe2 Nxe4 13. Bxe4 Bxe4 14. Qxe4 0-0 15. Bf4 Bd6 16. Ng5 Nf6 17. Nxe6 Nxe4 18. Nxc7 Bxf4 19. Nxa8 f5 20. g3 Bd6 21. Nxb6 axb6 22. Kg2 Kf7 23. Re2 Ra8 24. a3 c4 25. Rae1 Ra5 26. g4 g6 27. f3 Nf6 28. Re6 Rd5 29. Kf2 h6 30. R1e2 b5 31. Ke1 Bg3+ 32. Kd1 Bd6 33. Kc2 h5 34. gxf5 gxf5 35. b3 h4 36. bxc4 bxc4 37. a4 Nh5 38. Rh6 Nf4 39. Re1 Ng6 40. Rh7+ Kf6 41. Rd7 Nf8 42. Rd8 Ne6 43. Rh8 Nc7 44. a5 Bg3 45. Ra1 Kg5 46. a6 Kf4 47. a7 Kxf3 48. Rc8 Na8 49. Rxa8 Rd7 50. Rf8 Rxa7 51. Rxa7 f4 52. Raf7 Kg2 53. Rxf4 Kxh3 54. Rf3 Kg2 55. Rxg3+ 1-0